[Event "Bucharest Grand Prix op"]
[Site "Bucharest"]
[Date "2024.03.24"]
[Round "5"]
[White "Cosma, Ioan"]
[Black "Capata, Ion"]
[Result "1-0"]
[WhiteElo "2316"]
[BlackElo "2038"]
[PlyCount "94"]
[EventDate "2024.03.23"]
[EventType "swiss (rapid)"]
[EventRounds "10"]
[EventCountry "ROU"]
[SourceTitle "CB13_2024"]
[SourceDate "2024.03.27"]
[SourceVersion "1"]
[SourceVersionDate "2024.03.27"]
[SourceQuality "1"]

1. d4 d5 2. c4 c6 3. cxd5 cxd5 4. Nc3 Nf6 5. Nf3 e6 6. Bf4 Bd6 7. Bg3 Bxg3 8. hxg3 Nc6 9. e3 0-0 10. Bd3 h6 11. Rc1 Re8 12. Ne5 Nxe5 13. dxe5 Nd7 14. f4 f5 15. Nb5 Rb8 16. Nd6 Rf8 17. 0-0 Qb6 18. Qd2 Nc5 19. Bb1 Ne4 20. Bxe4 dxe4 21. Qd4 Qxd4 22. exd4 Bd7 23. Rc7 Bc6 24. Kf2 Rfd8 25. Rc1 Kf8 26. Ke3 a6 27. b3 Kg8 28. a4 Kh7 29. Re7 Rd7 30. Rxd7 Bxd7 31. Rc7 Bc6 32. b4 Bd5 33. Nc8 Bb3 34. Nb6 Kg6 35. Nd7 Rg8 36. Nc5 Bd5 37. a5 Kh5 38. Re7 Kg4 39. Nxe6 g5 40. Nc7 Bc4 41. d5 Kxg3 42. fxg5 hxg5 43. d6 Kxg2 44. d7 f4+ 45. Kxe4 f3 46. Re8 f2 47. d8Q f1Q 1-0

[Event "Lugano Paradiso op"]
[Site "Lugano"]
[Date "2023.05.27"]
[Round "3"]
[White "Wunderlin, Thomas"]
[Black "Capata, Ion"]
[Result "0-1"]
[WhiteElo "1776"]
[BlackElo "2047"]
[PlyCount "26"]
[EventDate "2023.05.26"]
[EventType "swiss"]
[EventRounds "5"]
[EventCountry "SUI"]
[SourceTitle "CBM 214 Extra"]
[Source "ChessBase"]
[SourceDate "2023.07.31"]
[SourceVersion "1"]
[SourceVersionDate "2023.07.31"]
[SourceQuality "1"]

1. d4 d5 2. e3 Nf6 3. Bd3 c5 4. c3 Nc6 5. Nd2 e5 6. dxe5 Nxe5 7. Bb5+ Bd7 8. Bxd7+ Qxd7 9. Ndf3 Ng6 10. Ne2 Bd6 11. 0-0 0-0 12. Ng3 h5 13. Qe2 h4 0-1

[Event "Varese op 19th"]
[Site "Varese"]
[Date "2022.10.09"]
[Round "5"]
[White "Capata, Ion"]
[Black "Cara Romeo, Lavinia"]
[Result "1-0"]
[WhiteElo "2059"]
[BlackElo "1254"]
[PlyCount "55"]
[EventDate "2022.10.07"]
[EventType "swiss"]
[EventRounds "5"]
[EventCountry "ITA"]
[SourceTitle "EXT 2024"]
[Source "ChessBase"]
[SourceDate "2023.10.10"]
[SourceVersion "1"]
[SourceVersionDate "2023.10.10"]
[SourceQuality "1"]

1. Nf3 d5 2. d4 Nf6 3. c4 e6 4. Nc3 c6 5. Bg5 Be7 6. e3 h6 7. Bh4 Nbd7 8. Be2 0-0 9. 0-0 Qc7 10. c5 b6 11. b4 a5 12. Bg3 Qd8 13. b5 Bb7 14. cxb6 Qxb6 15. Rb1 Bb4 16. Na4 Qd8 17. b6 Ne4 18. Bc7 Qe7 19. Qc2 Bd6 20. Bd3 Nef6 21. Ne5 c5 22. Bxd6 Qxd6 23. Nxd7 Nxd7 24. dxc5 Qe7 25. c6 Rac8 26. c7 Qd6 27. Rfc1 e5 28. Bf5 1-0

[Event "Serpiano op"]
[Site "Serpiano"]
[Date "2021.11.27"]
[Round "2"]
[White "Capata, Ion"]
[Black "Levacic, Patrick"]
[Result "1-0"]
[WhiteElo "2061"]
[BlackElo "2205"]
[PlyCount "44"]
[EventDate "2021.11.27"]
[EventType "swiss"]
[EventRounds "5"]
[EventCountry "SUI"]
[SourceTitle "CBM 205 Extra"]
[Source "ChessBase"]
[SourceDate "2022.01.31"]
[SourceVersion "1"]
[SourceVersionDate "2022.01.31"]
[SourceQuality "1"]

1. e4 e6 2. d4 d5 3. exd5 exd5 4. Nf3 Bg4 5. Bd3 Nc6 6. c3 Bd6 7. 0-0 Nge7 8. Re1 Qd7 9. Nbd2 0-0 10. Nf1 Ng6 11. Ne3 Rae8 12. h3 Bxf3 13. Qxf3 Nce7 14. Qh5 f5 15. Nf1 Kh8 16. Bd2 Rf7 17. g3 Ref8 18. f4 Ng8 19. Nh2 N6e7 20. Qe2 Nf6 21. Nf3 Ne4 22. Kg2 Ng8 1-0

[Event "Bucharest Romgaz op 2nd"]
[Site "Bucharest"]
[Date "2008.09.18"]
[Round "8"]
[White "Capata, Ion"]
[Black "Podgursky, Sten"]
[Result "0-1"]
[WhiteElo "2134"]
[BlackElo "2260"]
[PlyCount "146"]
[EventDate "2008.09.11"]
[EventType "swiss"]
[EventRounds "9"]
[EventCountry "ROU"]
[SourceTitle "CBM 126 Extra"]
[Source "ChessBase"]
[SourceDate "2008.11.05"]
[SourceVersion "1"]
[SourceVersionDate "2008.11.05"]
[SourceQuality "1"]

1. e4 c5 2. c3 d5 3. exd5 Qxd5 4. Na3 Nf6 5. Nf3 Nc6 6. Bc4 Qd8 7. d4 cxd4 8. Nxd4 Nxd4 9. Qxd4 Qxd4 10. cxd4 a6 11. 0-0 e6 12. Nc2 Bd7 13. Bg5 Rc8 14. Bb3 Ne4 15. Bf4 g5 16. f3 Nc5 17. Be5 Nxb3 18. axb3 Rg8 19. Ne3 Be7 20. Rac1 f6 21. Rxc8+ Bxc8 22. Rc1 Bd7 23. Bc7 Bb4 24. Rc4 Bd2 25. Nf1 Be1 26. Bg3 Ba5 27. Bc7 b5 28. Rc1 Bb4 29. Bb6 Bd6 30. Bc5 Bf4 31. Ra1 Bc8 32. g3 Bc7 33. Ne3 Bb7 34. Ng4 Rg6 35. Kf2 h5 36. Ne3 Rg7 37. Re1 Kf7 38. b4 Kg6 39. Nd1 Kf7 40. Nc3 h4 41. Ne4 hxg3+ 42. hxg3 Rh7 43. Bd6 Bd8 44. Nc5 Bd5 45. Ke3 a5 46. bxa5 Bxa5 47. Ra1 Bd8 48. Ra7+ Kg6 49. Nd7 Rf7 50. Bc5 Kg7 51. f4 Bc6 52. Nb8 Bb7 53. Bd6 g4 54. Ra1 Bd5 55. Bc5 Kg6 56. Ra7 Rxa7 57. Bxa7 Ba5 58. Kf2 b4 59. Nd7 b3 60. Bc5 Kf5 61. Be7 Bc3 62. Ba3 Bxd4+ 63. Ke2 Bc4+ 64. Kd2 Bf2 65. Be7 Bxg3 66. Nxf6 Bxf4+ 67. Kc3 Be5+ 68. Kxc4 Bxf6 69. Ba3 Ke4 70. Kxb3 g3 71. Bd6 Be5 72. Bc5 Bd4 73. Bd6 e5 0-1

[Event "Tirgu Mures Cup III-A "]
[Site "Tirgu Mures"]
[Date "2008.02.04"]
[Round "5"]
[White "Biro, Sandor"]
[Black "Capata, Ion"]
[Result "1-0"]
[WhiteElo "2298"]
[BlackElo "2115"]
[PlyCount "61"]
[EventDate "2008.02.02"]
[EventType "swiss"]
[EventRounds "7"]
[EventCountry "ROU"]
[SourceTitle "EXT 2010"]
[Source "ChessBase"]
[SourceDate "2010.11.25"]
[SourceVersion "1"]
[SourceVersionDate "2010.11.25"]
[SourceQuality "1"]

1. e4 e5 2. Nf3 Nc6 3. Nc3 Nf6 4. a3 d5 5. Bb5 d4 6. Ne2 Bd6 7. d3 Bd7 8. 0-0 h6 9. c3 dxc3 10. bxc3 0-0 11. h3 a6 12. Bc4 Qe7 13. Nh4 Kh7 14. Nf5 Bxf5 15. exf5 b5 16. Ba2 Qd7 17. Ng3 Ne7 18. Qf3 Rad8 19. Re1 Qc6 20. Ne4 Nxe4 21. dxe4 Bc5 22. g4 Qf6 23. g5 Qb6 24. h4 Rd6 25. Kg2 Rfd8 26. Bxf7 Rd3 27. Qh5 Ng8 28. f6 gxf6 29. Qg6+ Kh8 30. gxh6 Bf8 31. Qxg8# 1-0

[Event "Tirgu Mures Cup III-A "]
[Site "Tirgu Mures"]
[Date "2008.02.03"]
[Round "2"]
[White "Vasile, Teodora"]
[Black "Capata, Ion"]
[Result "0-1"]
[WhiteElo "1879"]
[BlackElo "2115"]
[PlyCount "76"]
[EventDate "2008.02.02"]
[EventType "swiss"]
[EventRounds "7"]
[EventCountry "ROU"]
[SourceTitle "EXT 2010"]
[Source "ChessBase"]
[SourceDate "2010.11.25"]
[SourceVersion "1"]
[SourceVersionDate "2010.11.25"]
[SourceQuality "1"]

1. e4 e5 2. Nf3 Nc6 3. d4 exd4 4. Nxd4 Nf6 5. Nxc6 bxc6 6. Bd3 d5 7. exd5 Qe7+ 8. Qe2 Qxe2+ 9. Kxe2 Nxd5 10. a3 Bd6 11. c4 Ne7 12. Nc3 0-0 13. Ne4 Be5 14. Rb1 f5 15. Ng5 c5 16. Nf3 Bd6 17. Bd2 Ng6 18. b4 Re8+ 19. Kd1 cxb4 20. axb4 Nf4 21. Bxf4 Bxf4 22. Kc2 Bb7 23. h3 Rad8 24. Rhe1 g6 25. Rxe8+ Rxe8 26. Re1 Rb8 27. Rd1 Kf7 28. c5 Kf6 29. Bf1 Be4+ 30. Bd3 Bb7 31. Kc3 Bd5 32. Be2 c6 33. Bc4 Bxf3 34. gxf3 Be5+ 35. Kb3 a5 36. b5 cxb5 37. Bd5 Rd8 38. c6 Bc7 0-1

[Event "Crema op 09th"]
[Site "Crema"]
[Date "2007.09.08"]
[Round "3"]
[White "Capata, Ion"]
[Black "Ranfagni, Stefano"]
[Result "1-0"]
[WhiteElo "2142"]
[BlackElo "2031"]
[PlyCount "93"]
[EventDate "2007.09.07"]
[EventType "swiss"]
[EventRounds "6"]
[EventCountry "ITA"]
[SourceTitle "EXT 2009"]
[Source "ChessBase"]
[SourceDate "2008.11.26"]
[SourceVersion "1"]
[SourceVersionDate "2008.11.26"]
[SourceQuality "1"]

1. e4 e5 2. Nf3 Nf6 3. Nxe5 d6 4. Nf3 Nxe4 5. d4 d5 6. Bd3 Bd6 7. c4 c6 8. 0-0 0-0 9. Nc3 Nxc3 10. bxc3 Bg4 11. h3 Bh5 12. cxd5 cxd5 13. Rb1 Nd7 14. Rb5 Nb6 15. g4 Bg6 16. Ne5 Bxe5 17. dxe5 Qc7 18. Bxg6 hxg6 19. Qd4 Rac8 20. Be3 Qxc3 21. Qxc3 Rxc3 22. Bxb6 axb6 23. Rxb6 Rxh3 24. Rxb7 Ra3 25. Rd1 Rxa2 26. Rxd5 Ra6 27. Re7 Re6 28. Rxe6 fxe6 29. Rd4 Rc8 30. Kg2 Rc5 31. f4 g5 32. Kf3 gxf4 33. Kxf4 Kf7 34. Rd7+ Kf8 35. Kg5 Rxe5+ 36. Kg6 Re4 37. g5 Ra4 38. Rf7+ Ke8 39. Kxg7 Rh4 40. g6 e5 41. Rf5 e4 42. Re5+ Kd7 43. Kf6 Rg4 44. g7 e3 45. Rxe3 Rg1 46. Re5 Kd6 47. Rg5 1-0

[Event "Franciacorta op 1st"]
[Site "Castelli Calepio"]
[Date "2007.04.28"]
[Round "1"]
[White "Capata, Ion"]
[Black "Moro, Roberto"]
[Result "1-0"]
[WhiteElo "2158"]
[BlackElo "1739"]
[PlyCount "43"]
[EventDate "2007.04.28"]
[EventType "swiss"]
[EventRounds "3"]
[EventCountry "ITA"]
[SourceTitle "EXT 2010"]
[Source "ChessBase"]
[SourceDate "2010.11.25"]
[SourceVersion "1"]
[SourceVersionDate "2010.11.25"]
[SourceQuality "1"]

1. e4 c5 2. c3 Nc6 3. d4 cxd4 4. cxd4 d5 5. e5 Qb6 6. Ne2 Bg4 7. Nbc3 Bxe2 8. Nxe2 e6 9. a3 f6 10. exf6 Nxf6 11. g3 Bd6 12. Bg2 0-0 13. 0-0 h5 14. Qd3 h4 15. gxh4 e5 16. dxe5 Nxe5 17. Qf5 Rae8 18. Nf4 Ne4 19. Qh5 Rxf4 20. Bxf4 Nf6 21. Bxe5 Kf8 22. Qh8+ 1-0

[Event "Bergamo op 19th"]
[Site "Bergamo"]
[Date "2007.01.14"]
[Round "2"]
[White "Capata, Ion"]
[Black "Milanesi, Erminio"]
[Result "1-0"]
[WhiteElo "2148"]
[BlackElo "1878"]
[PlyCount "71"]
[EventDate "2007.01.13"]
[EventType "swiss"]
[EventRounds "6"]
[EventCountry "ITA"]
[SourceTitle "EXT 2009"]
[Source "ChessBase"]
[SourceDate "2008.11.26"]
[SourceVersion "1"]
[SourceVersionDate "2008.11.26"]
[SourceQuality "1"]

1. e4 g6 2. d4 Nh6 3. h4 Bg7 4. Bc4 e6 5. Nc3 c6 6. e5 Nf5 7. g4 Nxh4 8. Ne4 h6 9. Nd6+ Kf8 10. Nxc8 Ng2+ 11. Kf1 Qxc8 12. Kxg2 c5 13. Nf3 Nc6 14. dxc5 Na5 15. Bb5 a6 16. Qd6+ Ke8 17. Ba4 Bf8 18. Qd2 Nc6 19. b4 h5 20. gxh5 gxh5 21. c4 Qd8 22. Bxc6 bxc6 23. Qg5 a5 24. Qxd8+ Kxd8 25. Ng5 Ke8 26. Ne4 Be7 27. bxa5 Rxa5 28. Rb1 Ra8 29. Rb7 Rg8+ 30. Kf3 h4 31. Nd6+ Kd8 32. Rd1 h3 33. Rh1 Bxd6 34. cxd6 Kc8 35. Rc7+ Kd8 36. Rxh3 1-0

[Event "Bergamo op 19th"]
[Site "Bergamo"]
[Date "2007.01.14"]
[Round "3"]
[White "Sala, Giovanni"]
[Black "Capata, Ion"]
[Result "0-1"]
[WhiteElo "1952"]
[BlackElo "2148"]
[PlyCount "68"]
[EventDate "2007.01.13"]
[EventType "swiss"]
[EventRounds "6"]
[EventCountry "ITA"]
[SourceTitle "EXT 2009"]
[Source "ChessBase"]
[SourceDate "2008.11.26"]
[SourceVersion "1"]
[SourceVersionDate "2008.11.26"]
[SourceQuality "1"]

1. e4 e5 2. Nf3 Nc6 3. Bc4 Bc5 4. c3 d6 5. d4 exd4 6. cxd4 Bb4+ 7. Bd2 Bxd2+ 8. Nbxd2 Qf6 9. e5 dxe5 10. dxe5 Qg6 11. Qe2 Bg4 12. Bd3 Qe6 13. 0-0 Nge7 14. Bc4 Qf5 15. Rfe1 0-0 16. h3 Bxf3 17. Nxf3 Kh8 18. Rad1 Ng6 19. Bd3 Qh5 20. Bxg6 Qxg6 21. Qb5 Nd8 22. b3 Qb6 23. Qc4 Ne6 24. Rd7 Qa5 25. b4 Qa4 26. Rd2 a5 27. Rb2 c5 28. Qd5 axb4 29. Qxb7 Qa3 30. Reb1 Qd3 31. Qe7 h6 32. Rc1 Qd8 33. Qb7 Ra3 34. Qb5 Rxf3 0-1

[Event "ITA-ch sf 66th"]
[Site "Cortina d'Ampezzo"]
[Date "2006.07.12"]
[Round "5.18"]
[White "Capata, Ion"]
[Black "Astengo, Marcello"]
[Result "1-0"]
[WhiteElo "2110"]
[BlackElo "2109"]
[PlyCount "53"]
[EventDate "2006.07.09"]
[EventType "swiss"]
[EventRounds "9"]
[EventCountry "ITA"]
[SourceTitle "EXT 2023"]
[Source "ChessBase"]
[SourceDate "2022.10.05"]
[SourceVersion "1"]
[SourceVersionDate "2022.10.05"]
[SourceQuality "1"]

1. e4 e6 2. d4 d5 3. exd5 exd5 4. Bd3 Nf6 5. Nf3 Bd6 6. Qe2+ Be7 7. 0-0 0-0 8. h3 Re8 9. Qd1 Ne4 10. c4 Bf5 11. cxd5 Qxd5 12. Re1 Bb4 13. Nc3 Bxc3 14. bxc3 Nc6 15. Qc2 Nd6 16. Bf4 Bxd3 17. Qxd3 f6 18. Bxd6 cxd6 19. c4 Qa5 20. Re3 Nb4 21. Qc3 Rxe3 22. Qxe3 Nc2 23. Qe6+ Kh8 24. Rb1 b6 25. Qe4 d5 26. Qxc2 Rc8 27. c5 1-0

[Event "ITA-ch sf 66th"]
[Site "Cortina d'Ampezzo"]
[Date "2006.07.11"]
[Round "3.15"]
[White "Capata, Ion"]
[Black "Pizzuto, Samuele Tullio"]
[Result "1/2-1/2"]
[WhiteElo "2110"]
[BlackElo "2201"]
[PlyCount "38"]
[EventDate "2006.07.09"]
[EventType "swiss"]
[EventRounds "9"]
[EventCountry "ITA"]
[SourceTitle "EXT 2023"]
[Source "ChessBase"]
[SourceDate "2022.10.05"]
[SourceVersion "1"]
[SourceVersionDate "2022.10.05"]
[SourceQuality "1"]

1. e4 d5 2. exd5 Qxd5 3. Nc3 Qd6 4. Nf3 Nf6 5. Bc4 a6 6. h3 b5 7. Bb3 e6 8. d4 Nbd7 9. Ne2 c5 10. c3 Bb7 11. Ng3 cxd4 12. Qxd4 Qxd4 13. cxd4 Bb4+ 14. Ke2 Rc8 15. a3 Bd6 16. Bd2 0-0 17. Rac1 Nb6 18. Rxc8 Rxc8 19. Rc1 Rxc1 1/2-1/2

[Event "ITA-ch sf 66th"]
[Site "Cortina d'Ampezzo"]
[Date "2006.07.09"]
[Round "1.13"]
[White "Guido, Flavio"]
[Black "Capata, Ion"]
[Result "0-1"]
[WhiteElo "2323"]
[BlackElo "2110"]
[PlyCount "34"]
[EventDate "2006.07.09"]
[EventType "swiss"]
[EventRounds "9"]
[EventCountry "ITA"]
[SourceTitle "EXT 2023"]
[Source "ChessBase"]
[SourceDate "2022.10.05"]
[SourceVersion "1"]
[SourceVersionDate "2022.10.05"]
[SourceQuality "1"]

1. e4 e5 2. Nf3 Nc6 3. Bc4 Bc5 4. c3 d6 5. d4 exd4 6. cxd4 Bb4+ 7. Kf1 Bg4 8. Qb3 Bxf3 9. Bxf7+ Kf8 10. Bxg8 Be2+ 11. Kg1 Rxg8 12. d5 Nd4 13. Qxb4 Qf6 14. h4 g5 15. Rh3 g4 16. Be3 Nf3+ 17. Kh1 Bf1 0-1

[Event "Monza op"]
[Site "Monza"]
[Date "2006.03.25"]
[Round "4"]
[White "Pelizzola, Danilo"]
[Black "Capata, Ion"]
[Result "1-0"]
[WhiteElo "2015"]
[BlackElo "2084"]
[PlyCount "133"]
[EventDate "2006.03.18"]
[EventType "swiss"]
[EventRounds "6"]
[EventCountry "ITA"]
[SourceTitle "EXT 2007"]
[Source "ChessBase"]
[SourceDate "2006.11.23"]
[SourceVersion "1"]
[SourceVersionDate "2006.11.23"]
[SourceQuality "1"]

1. e4 e5 2. Nf3 Nc6 3. Bb5 Nf6 4. 0-0 Nxe4 5. Qe2 Nd6 6. Nxe5 Nxe5 7. Qxe5+ Qe7 8. Qxe7+ Bxe7 9. Ba4 b5 10. Bb3 0-0 11. Nc3 c6 12. Re1 Bf6 13. a4 b4 14. Ne4 Nxe4 15. Rxe4 d5 16. Re1 Bf5 17. d3 Rfe8 18. Kf1 Rxe1+ 19. Kxe1 Re8+ 20. Kf1 a5 21. Rb1 g5 22. Be3 d4 23. Bd2 Re5 24. Re1 Rc5 25. Ke2 Bg6 26. Bc4 g4 27. Kf1 h5 28. Bb3 Be5 29. g3 Kg7 30. Kg2 f6 31. h3 Bf7 32. Rc1 f5 33. Bxf7 Kxf7 34. b3 Kg6 35. f3 gxf3+ 36. Kxf3 h4 37. gxh4 Bf6 38. Bf4 Bxh4 39. Rg1+ Kf6 40. Rg2 Kf7 41. Bc7 Ke6 42. Bb6 Rd5 43. Re2+ Kf7 44. Kf4 Be7 45. Bc7 Kf6 46. Re5 Rxe5 47. Bxe5+ Ke6 48. Bc7 c5 49. Bxa5 Bd6+ 50. Kf3 Kd7 51. h4 Be7 52. h5 Bg5 53. Bb6 Kc6 54. Ba7 Kd6 55. Bb8+ Ke6 56. Bc7 Bh6 57. Bf4 Bf8 58. a5 Kd7 59. h6 Kc6 60. h7 Bg7 61. Kg3 Kb5 62. Bc7 Kc6 63. Bd8 Kd7 64. a6 Be5+ 65. Kf3 Kc8 66. Bb6 Kd7 67. a7 1-0

[Event "Milan Crespi op 26th"]
[Site "Milan"]
[Date "2005.12.08"]
[Round "3"]
[White "Nannelli, Paolo"]
[Black "Capata, Ion"]
[Result "1-0"]
[WhiteElo "2172"]
[BlackElo "2090"]
[PlyCount "73"]
[EventDate "2005.12.07"]
[EventType "swiss"]
[EventRounds "7"]
[EventCountry "ITA"]
[SourceTitle "EXT 2007"]
[Source "ChessBase"]
[SourceDate "2006.11.23"]
[SourceVersion "1"]
[SourceVersionDate "2006.11.23"]
[SourceQuality "1"]

1. d4 d5 2. c4 e6 3. Nc3 Nf6 4. cxd5 exd5 5. Bg5 Be7 6. e3 0-0 7. Bd3 h6 8. Bxf6 Bxf6 9. Nge2 c6 10. 0-0 Re8 11. Qc2 Nd7 12. b4 Nf8 13. b5 Qd6 14. bxc6 bxc6 15. Rab1 Bd8 16. Rfc1 Bc7 17. Ng3 Re7 18. Na4 Re6 19. Bf5 Rf6 20. Bxc8 Rxc8 21. Rb3 h5 22. Qc5 Qe6 23. Nf1 h4 24. Qc2 Rg6 25. h3 Nh7 26. f4 Rf6 27. Rc3 Ba5 28. Nc5 Qe7 29. Rb3 Bb6 30. Nd3 g5 31. Kh1 gxf4 32. Nxf4 Qd7 33. Qd1 Qf5 34. Nh2 Bc7 35. Qg4+ Kf8 36. Qxf5 Rxf5 37. Rxc6 1-0

[Event "Milan Crespi op 26th"]
[Site "Milan"]
[Date "2005.12.07"]
[Round "1"]
[White "Nardone, Massimo"]
[Black "Capata, Ion"]
[Result "0-1"]
[WhiteElo "1910"]
[BlackElo "2090"]
[PlyCount "80"]
[EventDate "2005.12.07"]
[EventType "swiss"]
[EventRounds "7"]
[EventCountry "ITA"]
[SourceTitle "EXT 2007"]
[Source "ChessBase"]
[SourceDate "2006.11.23"]
[SourceVersion "1"]
[SourceVersionDate "2006.11.23"]
[SourceQuality "1"]

1. c4 e6 2. Nf3 d5 3. b3 Nf6 4. Bb2 c5 5. e3 Nc6 6. d4 cxd4 7. Nxd4 Bb4+ 8. Bc3 Qa5 9. Bd2 Nxd4 10. exd4 Ne4 11. Bxb4 Qxb4+ 12. Nd2 Qc3 13. Rc1 Qxd4 14. Nxe4 Qxe4+ 15. Qe2 Qxe2+ 16. Bxe2 dxc4 17. Rxc4 0-0 18. Rc7 e5 19. Bc4 Rb8 20. Re7 b5 21. Bd5 Bf5 22. Rxe5 Rfe8 23. Re3 Rxe3+ 24. fxe3 Rd8 25. Bf3 Bb1 26. 0-0 Bxa2 27. Ra1 Rd2 28. Bc6 b4 29. Rc1 Bxb3 30. Ba4 Be6 31. Rc7 g6 32. Rxa7 Ra2 33. Ra8+ Kg7 34. Bc6 Rxa8 35. Bxa8 b3 36. Be4 Bf5 37. Bd5 b2 38. Ba2 b1Q+ 39. Bxb1 Bxb1 40. g4 g5 0-1

[Event "Piacenza op 1st"]
[Site "Piacenza"]
[Date "2005.11.06"]
[Round "5"]
[White "Rigo, Gianfrancesco"]
[Black "Capata, Ion"]
[Result "0-1"]
[WhiteElo "2028"]
[BlackElo "2090"]
[PlyCount "82"]
[EventDate "2005.11.04"]
[EventType "swiss"]
[EventRounds "5"]
[EventCountry "ITA"]
[SourceTitle "CBM 109 Extra"]
[Source "ChessBase"]
[SourceDate "2006.01.03"]
[SourceVersion "2"]
[SourceVersionDate "2006.01.03"]
[SourceQuality "1"]

1. e4 e5 2. Bc4 Bc5 3. Nc3 Nf6 4. Nf3 d6 5. d4 exd4 6. Nxd4 h6 7. h3 c6 8. Bb3 b5 9. Be3 0-0 10. Qf3 Bxd4 11. Bxd4 Nbd7 12. 0-0 Bb7 13. a3 a5 14. Qg3 b4 15. axb4 axb4 16. Rxa8 Bxa8 17. Ne2 c5 18. Bxf6 Qxf6 19. Rd1 Ne5 20. Bd5 Bxd5 21. Rxd5 Ra8 22. Rd1 Ra2 23. Qb3 Qe6 24. Rd5 Ra1+ 25. Kh2 Ng6 26. Qd3 Ne5 27. Qg3 Re1 28. Nf4 Qf6 29. Nh5 Qg6 30. Qxg6 fxg6 31. Ng3 Rc1 32. Rd2 Nc4 33. Re2 Nxb2 34. f4 Nc4 35. f5 g5 36. Nh1 Rd1 37. Nf2 Rd2 38. Rxd2 Nxd2 39. Kg3 c4 40. Kg4 b3 41. cxb3 cxb3 0-1

[Event "Bergamo Province-ch"]
[Site "Bergamo"]
[Date "2005.10.28"]
[Round "4"]
[White "Capata, Ion"]
[Black "Mora, Lorenzo"]
[Result "1-0"]
[WhiteElo "2090"]
[BlackElo "1787"]
[PlyCount "75"]
[EventDate "2005.10.07"]
[EventType "swiss"]
[EventRounds "8"]
[EventCountry "ITA"]
[SourceTitle "EXT 2023"]
[Source "ChessBase"]
[SourceDate "2022.10.05"]
[SourceVersion "1"]
[SourceVersionDate "2022.10.05"]
[SourceQuality "1"]

1. e4 e5 2. Nf3 Nc6 3. Bc4 Bc5 4. c3 Nf6 5. b4 Bb6 6. d3 d6 7. Bg5 Bg4 8. a4 a6 9. a5 Ba7 10. Nbd2 Ne7 11. Qb3 Bh5 12. b5 0-0 13. bxa6 bxa6 14. Bxf6 gxf6 15. g4 Bg6 16. Nh4 Qd7 17. Nf5 c6 18. Qd1 d5 19. Bb3 Rad8 20. Qf3 Rfe8 21. Rd1 Qc7 22. Qh3 Qxa5 23. Qh6 Nxf5 24. gxf5 Qc5 25. 0-0 Qxc3 26. fxg6 hxg6 27. Rc1 Qb4 28. Rxc6 g5 29. Rd1 Rd6 30. Rxd6 Qxd6 31. exd5 e4 32. Nxe4 Rxe4 33. dxe4 Qf4 34. Qh3 Bxf2+ 35. Kh1 Qxe4+ 36. Qg2 Qe3 37. Bc4 f5 38. d6 1-0